00369nam a22001217a 45000050016000000200023000160350012000390370013000511000019000642450095000832600045001783000024002232012041809349.0 a0195653017c295.00 aB-28161 aDPLbENG aMayaram, Shail aResisting regimes :bMyth, memory and the shaping of a muslim identity /cby Shail Mayaram aNew DelhibOxford University Pressc2000 axiv, 297p.c20 cms.